Une lettre suffit pour répondre juste #45 (attention 10 lettres tuent) - Statistiques

Statistiques générales
  • Ce quiz a été pris 75 fois
  • Le résultat moyen est 4 sur 6
Statistiques - réponses
Hint Réponse % Correct
Donne une des 5 lettres qui complète les paroles de la chanson Cendrillon de Téléphone : Cendrillon, pour ses 20 ans Est la plus jolie des enfants Son bel amant, le prince charmant La prend sur son cheval blanc Elle oublie le ????? TEMPS
100%
Donne une des 4 lettres qui complète le nom de ce film américain réalisé et produit par Merian C. Cooper et Ernest B. Schoedsack, sorti en 1933 : King _ _ _ _
KONG
93%
Donne une des 3 lettres du nom du groupe français fondé le 25 octobre 1945 qui commercialise ce stylo
BIC
91%
Donne une des 2 lettres qui complète le nom de ce casque de réalité virtuelle anciennement connu sous le nom de code Project Morpheus : PlayStation ??
VR
60%
Donne la première lettre du nom du pays qui a cette emblème depuis 2022 et pour hymne As Salam al Amiri (« Paix à l'émir »)
Q
27%
Donne la lettre qui complète le nom des deux catégories qui, par leur complémentarité et leur opposition, se prêtent à une première analyse de tous les phénomènes de la vie et du cosmos. : le ?in et ?ang
Y
25%
Aucun quiz correspondant
Distribution des résultats
% des personnes avec chaque résultat
Percentile par nombre de réponses
Votre historique - résultats
Vous n’avez pas pris ce quiz